US map but random 1 - Statistics

General Stats
  • This quiz has been taken 12 times
    10 since last reset
  • The average score is 22 of 25
Answers on the Map
Answers color-coded by a green-red scale on the quiz's map according to % correct below.
 
Answer Stats
Answer % Correct
Alaska
100%
California
100%
Delaware
100%
Georgia
100%
Idaho
100%
Illinois
100%
Louisiana
100%
Maine
100%
Michigan
100%
Minnesota
100%
Mississippi
100%
Montana
100%
Nebraska
100%
Nevada
100%
North Dakota
100%
Oklahoma
100%
Oregon
100%
Pennsylvania
100%
South Carolina
100%
South Dakota
100%
Vermont
100%
Washington
100%
Alabama
88%
New York
86%
Virginia
86%
Arizona
83%
New Jersey
83%
Ohio
83%
Colorado
80%
Hawaii
80%
Iowa
80%
New Mexico
80%
Tennessee
80%
Wisconsin
80%
Wyoming
80%
Florida
75%
Indiana
75%
Kansas
75%
Kentucky
75%
Missouri
75%
New Hampshire
75%
North Carolina
75%
Texas
75%
West Virginia
75%
Arkansas
71%
Rhode Island
67%
Utah
67%
Washington D.C.
67%
Connecticut
50%
Maryland
50%
Massachusetts
33%
No matching quizzes found
Score Distribution
Percent of People with Each Score
Percentile by Number Answered
Your Score History
You have not taken this quiz since the last reset